000 00629nam a22002177a 4500
003 UA-OsUOA
001 73981
007 ta
008 20110324b un ||||| |||| 00| 0 ukr d
100 _aКравцова Ю. В.
090 _a81
_bК78
942 _cSA
040 _aUA-OsUOA
_bukr
_cUA-OsUOA
_dUA-OsUOA
245 _aСемантико-когнітивне моделювання метафоризації
300 _aС.43-55
955 _a0
041 _aukr
080 _a81
773 0 _w73977
650 7 _a8 Мовознавство. Художня література. Літературознавство
_2UDC
999 _c360273
_d360273